000 00558nam a22001817a 4500
005 20251108164053.0
008 250721s1986 xx 000 0 ara d
082 1 4 _a154.6/بور
100 1 _aبوربيلي، الكسندر
245 1 0 _aأسرار النوم :
_bأحدث المكتشفات العلمية /
264 1 _aبيروت :
_bدار المروج،
_c1986.
300 _a224ص
490 0 _aسلسلة العلوم العصرية
650 1 7 _aالنوم
700 1 _aبيضون، شبيب
_eترجمة
942 _2ddc
_cBK
999 _c2878
_d2878